[Event "Tenerife-chT Preferente 1516"]
[Site "Tenerife"]
[Date "2016.04.09"]
[Round "12.2"]
[White "Cabrera Trujillo, Jorge Juan"]
[Black "Lopez Pereyra, Antonio"]
[Result "1-0"]
[WhiteElo "2352"]
[BlackElo "2125"]
[PlyCount "99"]
[EventDate "2015.12.12"]
[EventType "team-tourn"]
[EventRounds "14"]
[EventCountry "ESP"]
[SourceTitle "EXT 2017"]
[Source "ChessBase"]
[SourceDate "2016.10.25"]
[SourceVersion "1"]
[SourceVersionDate "2016.10.25"]
[SourceQuality "1"]
[WhiteTeam "Cajacanarias"]
[BlackTeam "Rey Ahogado"]
[WhiteTeamCountry "ESP"]
[BlackTeamCountry "ESP"]

1. g3 f5 2. Bg2 Nf6 3. Nf3 d6 4. d4 e6 5. c4 Be7 6. Nc3 0-0 7. 0-0 Qe8 8. Re1 Qg6 9. e4 Nxe4 10. Nxe4 fxe4 11. Rxe4 e5 12. Nh4 Qf7 13. dxe5 dxe5 14. Qd5 Nc6 15. Qxf7+ Kxf7 16. Bd2 Kg8 17. Nf3 Bf5 18. Ree1 e4 19. Ng5 Bxg5 20. Bxg5 Nd4 21. Rac1 Rae8 22. Be3 c5 23. h3 b6 24. g4 Bg6 25. b4 Rf7 26. bxc5 bxc5 27. Rb1 Rd7 28. Rb2 Bf7 29. Rc1 h5 30. Kh2 hxg4 31. hxg4 g6 32. Kg3 Re6 33. Rb8+ Kg7 34. Rcb1 Ra6 35. R1b7 Rad6 36. Bf1 Ne6 37. g5 Nd4 38. Rxd7 Rxd7 39. Rc8 Nf5+ 40. Kf4 Rd1 41. Bh3 Nxe3 42. fxe3 Bxc4 43. Rxc5 Bxa2 44. Rc7+ Kf8 45. Rxa7 Bd5 46. Ke5 Bc6 47. Rc7 Rc1 48. Bd7 Rc5+ 49. Kf6 Bxd7 50. Rxc5 1-0

[Event "Tenerife-chT Preferente 1516"]
[Site "Tenerife"]
[Date "2016.01.30"]
[Round "6.2"]
[White "Arnaiz Yanes, Miguel Angel"]
[Black "Cabrera Trujillo, Jorge Juan"]
[Result "1/2-1/2"]
[WhiteElo "1939"]
[BlackElo "2352"]
[PlyCount "61"]
[EventDate "2015.12.12"]
[EventType "team-tourn"]
[EventRounds "14"]
[EventCountry "ESP"]
[SourceTitle "CBM 170 Extra"]
[Source "ChessBase"]
[SourceDate "2016.02.25"]
[SourceVersion "1"]
[SourceVersionDate "2016.02.25"]
[SourceQuality "1"]
[WhiteTeam "Canarias 64"]
[BlackTeam "Cajacanarias"]
[WhiteTeamCountry "ESP"]
[BlackTeamCountry "ESP"]

1. d4 Nf6 2. Nf3 e6 3. Bg5 d5 4. e3 c5 5. c3 Nc6 6. Nbd2 Be7 7. Bd3 0-0 8. 0-0 b6 9. Rc1 Bb7 10. Re1 h6 11. Bh4 Ne4 12. Bxe7 Nxe7 13. Qc2 f5 14. Ne5 c4 15. Be2 b5 16. h3 a5 17. a3 Rc8 18. f3 Nd6 19. Kh2 Nc6 20. b4 cxb3 21. Qxb3 a4 22. Qb1 Qc7 23. f4 Ba6 24. Nd3 Rb8 25. Nc5 Bc8 26. Nf3 Ne4 27. Nxe4 fxe4 28. Ne5 Nxe5 29. fxe5 Qe7 30. Qb4 Qc7 31. Rf1 1/2-1/2

[Event "Tenerife-chT Preferente"]
[Site "Tenerife"]
[Date "2015.04.18"]
[Round "9.2"]
[White "Arnaiz Yanes, Miguel Angel"]
[Black "Cabrera Trujillo, Jorge Juan"]
[Result "1/2-1/2"]
[WhiteElo "1978"]
[BlackElo "2354"]
[PlyCount "41"]
[EventDate "2015.01.24"]
[EventType "swiss"]
[EventRounds "14"]
[EventCountry "ESP"]
[SourceTitle "EXT 2024"]
[Source "ChessBase"]
[SourceDate "2023.10.10"]
[SourceVersion "1"]
[SourceVersionDate "2023.10.10"]
[SourceQuality "1"]
[WhiteTeam "Canaris 64"]
[BlackTeam "Fundacion La Caja de Canarias"]
[WhiteTeamCountry "ESP"]
[BlackTeamCountry "ESP"]

1. d4 Nf6 2. Nf3 g6 3. Bg5 Bg7 4. e3 d6 5. Bd3 Nbd7 6. Nbd2 0-0 7. 0-0 h6 8. Bh4 e5 9. c3 Qe7 10. Qc2 b6 11. Be4 Rb8 12. Bc6 Rd8 13. Rfd1 Nf8 14. h3 g5 15. Bg3 Nh5 16. Nf1 f5 17. dxe5 dxe5 18. Rxd8 Qxd8 19. Bxe5 Bxe5 20. Nxe5 Qd6 21. Bf3 1/2-1/2

[Event "Tenerife-chT Preferente"]
[Site "Tenerife"]
[Date "2015.03.21"]
[Round "7.2"]
[White "Trujillo Delgado, Dafnae Lorena"]
[Black "Cabrera Trujillo, Jorge Juan"]
[Result "0-1"]
[WhiteElo "2197"]
[BlackElo "2354"]
[PlyCount "44"]
[EventDate "2015.01.24"]
[EventType "swiss"]
[EventRounds "14"]
[EventCountry "ESP"]
[SourceTitle "EXT 2024"]
[Source "ChessBase"]
[SourceDate "2023.10.10"]
[SourceVersion "1"]
[SourceVersionDate "2023.10.10"]
[SourceQuality "1"]
[WhiteTeam "Laguna Cotelec"]
[BlackTeam "Fundacion La Caja de Canarias"]
[WhiteTeamCountry "ESP"]
[BlackTeamCountry "ESP"]

1. e4 c5 2. Nf3 d6 3. d4 cxd4 4. Nxd4 Nf6 5. Nc3 e5 6. Nb3 Be7 7. Bg5 Be6 8. f4 exf4 9. Nd4 Qa5 10. Nxe6 fxe6 11. Bb5+ Nc6 12. Bxf6 Bxf6 13. Bxc6+ bxc6 14. 0-0 Bxc3 15. bxc3 Qe5 16. Qg4 0-0 17. Rad1 Rab8 18. Rd4 Rb2 19. Qe2 Rxa2 20. Rfd1 d5 21. c4 Ra1 22. Kf1 Qxd4 0-1